| 000 | 00729nam a22002177a 4500 | ||
|---|---|---|---|
| 005 | 20170124110240.0 | ||
| 010 | _a746260 | ||
| 020 | _c00.00 | ||
| 035 | _a746260 | ||
| 037 | _bCen Lib/Ret | ||
| 040 |
_aDPL _bEN |
||
| 082 |
_a720.95443 _bBUR |
||
| 100 |
_aBurgness, Jas _994645 |
||
| 245 |
_aThe architectural antiquities of northern Gujaraj : _cby Jas burgess [and] Henry Cousens _bmore especiallt of the districts included in the Baroda state / |
||
| 260 |
_aVaranasi _bBhartiya Publishing House _c1975 |
||
| 270 |
_bVaranasi _aB9/45, pilkhana |
||
| 300 |
_a118p.: _c27cm(Hb) _bill. |
||
| 650 |
_aArchitecture -- India _930212 |
||
| 700 |
_aCousens, Henry _994646 |
||
| 942 |
_2ddc _cEN _h720.95443 _mBUR |
||
| 999 |
_c135143 _d135143 |
||